<?xml version="1.0" encoding="UTF-8"?>
<record
    xmlns:xsi="http://www.w3.org/2001/XMLSchema-instance"
    xsi:schemaLocation="http://www.loc.gov/MARC21/slim http://www.loc.gov/standards/marcxml/schema/MARC21slim.xsd"
    xmlns="http://www.loc.gov/MARC21/slim">

  <leader>01283nam a2200253 a 4500</leader>
  <controlfield tag="001">BRCA_7629</controlfield>
  <controlfield tag="005">20190320205923.0</controlfield>
  <controlfield tag="008">090713m19531955sp-a######---#000-0#spa-#</controlfield>
  <datafield tag="041" ind1=" " ind2=" ">
    <subfield code="a">spa</subfield>
  </datafield>
  <datafield tag="044" ind1=" " ind2=" ">
    <subfield code="a">sp</subfield>
  </datafield>
  <datafield tag="050" ind1=" " ind2="4">
    <subfield code="a">Z8158</subfield>
    <subfield code="b">.P53 1953</subfield>
  </datafield>
  <datafield tag="100" ind1="1" ind2=" ">
    <subfield code="a">Plaza Escudero, Luis Mar&#xED;a</subfield>
    <subfield code="9">18820</subfield>
  </datafield>
  <datafield tag="245" ind1="1" ind2="0">
    <subfield code="a">Cat&#xE1;logo de la colecci&#xF3;n Cervantina Sed&#xF3;</subfield>
    <subfield code="c">redactado por Luis Mar&#xED;a Plaza Escudero ; editado por Jos&#xE9; Porter.</subfield>
  </datafield>
  <datafield tag="260" ind1=" " ind2=" ">
    <subfield code="a">Barcelona</subfield>
    <subfield code="b">Biblioteca Cervantina</subfield>
    <subfield code="c">1953-1955</subfield>
  </datafield>
  <datafield tag="300" ind1=" " ind2=" ">
    <subfield code="a">3 v.</subfield>
    <subfield code="b">il.</subfield>
    <subfield code="c">25 cm.</subfield>
    <subfield code="e">1 gu&#xED;a y suplemento</subfield>
  </datafield>
  <datafield tag="500" ind1=" " ind2=" ">
    <subfield code="a">Incluye gu&#xED;a del lector y resumen estad&#xED;stico con &#xFA;ltimas adiciones. Registra la ficha bibliogr&#xE1;fica de la Biblioteca Cervantina del Lic. Carlos Prieto (v.3, p. 205)</subfield>
  </datafield>
  <datafield tag="500" ind1=" " ind2=" ">
    <subfield code="a">T42</subfield>
  </datafield>
  <datafield tag="505" ind1="0" ind2=" ">
    <subfield code="a">v.1 Gu&#xED;a del lector, resumen estad&#xED;stico de la edici&#xF3;n del Quijote, adiciones &#xFA;ltimas.-- v.2 Obras de Cervantes (excepto don Quijote), obras de Cervantes completas y selectas, obras de inspiraci&#xF3;n cervantina, novel&#xED;stica, caballeresca y sentimental.-- v.3 Cr&#xED;tica cervantina, cat&#xE1;logos, conmemoraciones, &#xED;ndices.</subfield>
  </datafield>
  <datafield tag="600" ind1="1" ind2="4">
    <subfield code="a">Cervantes Saavedra, Miguel de</subfield>
    <subfield code="d">1547-1616</subfield>
    <subfield code="v">Bibliograf&#xED;a</subfield>
    <subfield code="9">7606</subfield>
  </datafield>
  <datafield tag="700" ind1="1" ind2=" ">
    <subfield code="a">Sed&#xF3; Peris-Mencheta, Juan</subfield>
    <subfield code="9">18821</subfield>
  </datafield>
  <datafield tag="700" ind1="1" ind2=" ">
    <subfield code="a">Porter, Jos&#xE9;</subfield>
    <subfield code="e">ed.</subfield>
    <subfield code="9">18822</subfield>
  </datafield>
  <datafield tag="902" ind1=" " ind2=" ">
    <subfield code="a">GFM</subfield>
  </datafield>
  <datafield tag="942" ind1=" " ind2=" ">
    <subfield code="2">lcc</subfield>
    <subfield code="c">B</subfield>
  </datafield>
  <datafield tag="999" ind1=" " ind2=" ">
    <subfield code="c">7303</subfield>
    <subfield code="d">7303</subfield>
  </datafield>
  <datafield tag="952" ind1=" " ind2=" ">
    <subfield code="0">0</subfield>
    <subfield code="1">0</subfield>
    <subfield code="4">0</subfield>
    <subfield code="7">0</subfield>
    <subfield code="a">BRCA</subfield>
    <subfield code="b">BRCA</subfield>
    <subfield code="d">2013-07-09</subfield>
    <subfield code="i">T42</subfield>
    <subfield code="l">0</subfield>
    <subfield code="o">Z8158 .P53 1953 (T42)</subfield>
    <subfield code="p">8237</subfield>
    <subfield code="r">2019-03-22 00:00:00</subfield>
    <subfield code="w">2019-03-22</subfield>
    <subfield code="y">B</subfield>
  </datafield>
</record>
